| 000 | 00762nam a22002297a 4500 | ||
|---|---|---|---|
| 999 |
_c20658 _d20658 |
||
| 003 | AR-CdUCM | ||
| 008 | 190601b ||||| |||| 00| 0 spa d | ||
| 040 |
_aMUNICIPALIDAD PROVINCIAL DEL CUSCO _cBIBLIOTECA MUNICIPAL DEL CUSCO |
||
| 082 |
_a781.6 / _bT12 |
||
| 100 |
_aTacchinardi, Alberto _943187 |
||
| 245 | _aRítmica musical / | ||
| 260 |
_aBuenos Aires : _bJulio Korn, _c1954. |
||
| 300 |
_a202 páginas; _c24 cm. _bmúsica. |
||
| 505 | _aContenido: Orígenes del ritmo y del metro -- Importancia del ritmo -- Ritmica y metrica... | ||
| 650 |
_aComposición _919519 |
||
| 650 |
_aMusical _95781 |
||
| 650 |
_aInstrucción _929504 |
||
| 650 |
_aEstudio _94228 |
||
| 710 |
_aBranda Carcano, Maria Teresa _943188 |
||
| 942 |
_2ddc _cLIBROS |
||
| 945 | _arcc | ||